LEADER 04365nam 2200673 450 001 9910453354203321 005 20200520144314.0 010 $a0-674-72754-1 010 $a0-674-72635-9 024 7 $a10.4159/harvard.9780674726352 035 $a(CKB)2550000001140816 035 $a(EBL)3301342 035 $a(SSID)ssj0000940860 035 $a(PQKBManifestationID)12402430 035 $a(PQKBTitleCode)TC0000940860 035 $a(PQKBWorkID)10956011 035 $a(PQKB)10784163 035 $a(MiAaPQ)EBC3301342 035 $a(DE-B1597)209632 035 $a(OCoLC)861200160 035 $a(OCoLC)979684090 035 $a(DE-B1597)9780674726352 035 $a(PPN)201922533$9sudoc 035 $a(PPN)182920763 035 $a(Au-PeEL)EBL3301342 035 $a(CaPaEBR)ebr10782447 035 $a(EXLCZ)992550000001140816 100 $a20130312d2013 uy| 0 101 0 $aeng 135 $aur|n|---||||| 181 $ctxt 182 $cc 183 $acr 200 10$aAristotle's modal syllogistic /$fMarko Malink 210 1$aCambridge, Massachusetts :$cHarvard University Press,$d2013. 215 $a1 online resource (384 p.) 300 $aDescription based upon print version of record. 311 $a0-674-72454-2 320 $aIncludes bibliographical references (pages 337-347) and indexes. 327 $tFrontmatter -- $tContents -- $tAcknowledgments -- $tAbbreviations of Aristotle?s Works -- $tIntroduction -- $t1. Categorical Propositions -- $t2. The dictum de omni -- $t3. The Orthodox dictum Semantics -- $t4. The Heterodox dictum Semantics -- $t5. The Preorder Semantics -- $t6. Ecthesis -- $t7. The Apodeictic dictum de omni -- $t8. Barbara NXN and the Four Predicables -- $t9. Categories in the Topics -- $t10. Essence Terms and Substance Terms -- $t11. Universal Negative Necessity Propositions -- $t12. Particular Necessity Propositions -- $t13. Modal Opposition -- $t14. Establishing Inconcludence -- $t15. A Deductive System for the Modal Syllogistic -- $t16. The Validity of XQM-Moods -- $t17. Two-Sided Possibility Propositions -- $t18. One-Sided Possibility Propositions -- $tAppendix A: Aristotle?s Claims of Validity, Invalidity, and Inconcludence -- $tAppendix B: The Predicable Semantics of the Modal Syllogistic -- $tAppendix C: Aristotle?s Terms -- $tBibliography -- $tIndex of Names -- $tIndex of Passages -- $tIndex of Subjects 330 $aAristotle was the founder not only of logic but also of modal logic. In the Prior Analytics he developed a complex system of modal syllogistic which, while influential, has been disputed since antiquity--and is today widely regarded as incoherent. Combining analytic rigor with keen sensitivity to historical context, Marko Malink makes clear that the modal syllogistic forms a consistent, integrated system of logic, one that is closely related to other areas of Aristotle's philosophy. Aristotle's modal syllogistic differs significantly from modern modal logic. Malink considers the key to understanding the Aristotelian version to be the notion of predication discussed in the Topics--specifically, its theory of predicables (definition, genus, differentia, proprium, and accident) and the ten categories (substance, quantity, quality, and so on). The predicables introduce a distinction between essential and nonessential predication. In contrast, the categories distinguish between substantial and nonsubstantial predication. Malink builds on these insights in developing a semantics for Aristotle's modal propositions, one that verifies the ancient philosopher's claims of the validity and invalidity of modal inferences. While it acknowledges some limitations of this reconstruction, Aristotle's Modal Syllogistic brims with bold ideas, richly supported by close readings of the Greek texts. 606 $aLogic, Ancient 606 $aModality (Logic) 606 $aSyllogism 606 $aPredicate (Logic) 608 $aElectronic books. 615 0$aLogic, Ancient. 615 0$aModality (Logic) 615 0$aSyllogism. 615 0$aPredicate (Logic) 676 $a160.92 700 $aMalink$b Marko$f1980-$01045600 801 0$bMiAaPQ 801 1$bMiAaPQ 801 2$bMiAaPQ 906 $aBOOK 912 $a9910453354203321 996 $aAristotle's modal syllogistic$92472028 997 $aUNINA LEADER 01038nam0-2200313---450 001 9910289558603321 005 20241107100708.0 035 $a000857600 100 $a20071105g20019999km-y0itay50------ba 101 2 $alat$aeng 102 $aGB 105 $aa-------001yy 200 1 $aTerence$fedited and translated by John Barsby 210 $aCambridge, Mass.$aLondon$cHarvard university press$d2001 215 $a2 v.$d17 cm 225 1 $a<>Loeb classical library$v22$v23 327 1 $a1.: The woman of Andros ; The self-tormentor ; The Eunuch$a2.: Phormio ; The mother-in-law ; The brothers 500 10$aComoediae$m$913724 676 $a872.01 700 1$aTerentius Afer,$bPublius$f$0152516 702 1$aBarsby,$bJohn 801 0$aIT$bUNINA$gRICA$2UNIMARC 901 $aBK 912 $a9910289558603321 952 $aP2B 640 LCL 22 2001$bBibl. 2018$fFLFBC 952 $aP2B 640 LCL 23 2001$bBibl.2018$fFLFBC 959 $aFLFBC 996 $aComoediae$913724 997 $aUNINA